00353nam a2200097 a 450000500170000000800410001705000130005824500520007126000370012350000950016020140513081053.0090911s19uu xx 00 eng d aKitb3 M a3 Mr. Men and Little Miss /cHangreaves, Roger. aU.S.A :bOttenheimer pub,c1980. aStories on LP Cassette. Titles: Little miss troble, Little miss naughty, little miss late.